Professor Scroodle's object lessons. (Record no. 17205)

000 -LEADER
fixed length control field 00503nam a2200169 a 4500
001 - CONTROL NUMBER
control field :::00020949$&:&@@
003 - CONTROL NUMBER IDENTIFIER
control field OkBaRHE
005 - DATE AND TIME OF LATEST TRANSACTION
control field 20040508154710.0
008 - FIXED-LENGTH DATA ELEMENTS--GENERAL INFORMATION
fixed length control field s1981 j 000 0 eng u
040 ## - CATALOGING SOURCE
Transcribing agency
100 1# - MAIN ENTRY--PERSONAL NAME
Personal name George, Willie
245 10 - TITLE STATEMENT
Title Professor Scroodle's object lessons.
260 ## - PUBLICATION, DISTRIBUTION, ETC. (IMPRINT)
Place of publication, distribution, etc Broken Arrow, Ok
Name of publisher, distributor, etc Faith Roots Ministries
Date of publication, distribution, etc 1981
300 ## - PHYSICAL DESCRIPTION
Extent 40 p.
942 ## - ADDED ENTRY ELEMENTS (KOHA)
Source of classification or shelving scheme
Koha item type Books
Copies
Lost status Date last seen Withdrawn status Copy number Damaged status Permanent Location Date acquired Source of classification or shelving scheme Koha item type Shelving location Not for loan Barcode Price effective from Full call number
 2010-04-14 1 RHEMA Bible Training College2010-04-14 BooksGeneral Stacks 209492010-04-14BV 1535 .G46